000 01971cam a22005174i 4500
003 PE-LiUPU
005 20250731165632.0
008 150616s r 000 0 d
020 _a8876531238
035 _a(Sirsi) i9788876531231
040 _aPE-LiUPU
_bspa
_cPE-LiUPU
_erda
049 _aPRUA
082 0 4 _a221.008
_bAB
_221
100 1 _aKuthirakkattel, Scaria,
_eautor.
245 1 4 _aThe Beginning of Jesus' Ministry According to Mark's Gospel (1,14-3,6) :
_ba Redaction Critical Study.
_n123 /
_cScaria Kuthirakkattel.
264 1 _aRoma :
_bEditrice Pontificio Istituto Biblico,
_c1990.
300 _a300 páginas ;
_c24 centímetros
336 _atext
_2rdacontent
337 _aunmediated
_2rdamedia
338 _avolume
_2rdacarrier
490 0 _aAnalecta Biblica
505 0 _aThe Plan of the gospel according to Mark -- Internal cohesion and literary division of Mk. 1,14-3,6 -- Literary analisys and interpretation -- The programatic character of Mk. 1,14-3,6.
526 _aSEG44
526 _aSEG26
526 _aP151
526 _aP150
526 _aP149
526 _aP146
526 _aP145
526 _aP126
526 _aP125
526 _aP92
526 _aP75
526 _aP74
526 _aP27
526 _aP15
600 1 _aJesucristo
630 _aBiblia.
_pN.T.
_pMarcos
_xComentarios.
910 _ajck
_bjvq
_cjck
942 _2ddc
_cBOOK
949 _aRC 221.008 AB 123
_wDEWEY
_c1
_i38051
_lCCODEBUL1
_mBUL
_r0
_sY
_tBOOK
_u2015-6-16
_xTEOLOGIA
_zUNKNOWN
_0COMPRA
_o.CIRCNOTE. No olvidar cambiar la fecha de devolución!!!!!!!
_o.STAFF. Colección General
994 _aC0
_bPEPRU
596 _a1
999 _aRC 221.008 AB 123
_wDEWEY
_c57597
_i38051
_f2021-11-8
_g6
_lCCODEBUL1
_mBUL
_r1
_sY
_tBOOK
_u2015-6-16
_xTEOLOGIA
_zUNKNOWN
_0COMPRA
_o.CIRCNOTE. No olvidar cambiar la fecha de devolución!!!!!!!
_o.STAFF. Colección General
_d57597
980 _81
_gALBERTO SANCHEZ Responsable de Automatización